00433 a2200133 4500001000900000005001700009008004100026245009400067100002300161700003100184700001900215773004800234999001700282ART_617620260410161825.0260409a 10aCaracterísticas del consumo de productos pesqueros en el área urbana de Mar del Plata1 aErrazti, Elizabeth1 aBertolotti, María Isabel1 aAubone, Anibal0 tFACESg- Año 1, Nº 1 (jun 1995)wREV5046 c22709d22709